000 00726pam a2200277 a 4500
003 OSt
005 20250714140504.0
008 850802s1986 enka j 000 1 eng
010 _a 85060897
020 _a0590466321
040 _aDLC
_cDLC
_dDLC
042 _alcac
050 0 0 _aPZ 8.3
_b.H965Wi 1974
100 1 _aHutchins, Pat,
_929960
245 1 4 _aThe wind blew /
_cPat Hutchins.
260 _aNew York :
_bScholastic Inc.,
_c1974.
300 _a32 p. :
_bcol. ill. ;
_c21 cm.
526 _cBR
562 _e2
650 1 _aWinds
_xFiction.
_929961
650 1 _aStories in rhyme.
_95554
906 _a7
_bcbc
_corignew
_d1
_eopcn
_f19
_gy-gencatlg
942 _2lcc
_cBK
999 _c33195
_d33195